|
|
|
|
| LEADER |
00932nam a22002177a 4500 |
| 001 |
AAL2234 |
| 003 |
BD-DhAAL |
| 005 |
20160321173958.0 |
| 008 |
160321m19841958bg ||||| |||| 00| 0 ben d |
| 040 |
|
|
|a BD-DhAAL
|c BD-DhAAL
|
| 082 |
|
|
|a 891.4417
|
| 245 |
|
|
|a দৌলতউজির বাহরাম খান বিরচিত লায়লী-মজনু /
|c আহমদ শরীফ সম্পাদিত
|
| 260 |
|
|
|a ঢাকা :
|b বাংলা একাডেমী,
|c ১৯৮৪
|
| 300 |
|
|
|a ৩০৭ পৃ. ;
|c ২২ সে.মি.
|
| 541 |
|
|
|e 2234
|
| 650 |
|
|
|a Bengali literature manuscript
|9 18705
|
| 700 |
|
|
|a শরীফ, আহমদ
|9 18706
|
| 852 |
|
|
|a Savar Campus Library
|c General Shelf
|
| 942 |
|
|
|2 ddc
|c BK
|
| 999 |
|
|
|c 37189
|d 37189
|
| 952 |
|
|
|0 0
|1 0
|2 ddc
|4 0
|6 891_441700000000000_DOU
|7 0
|9 58466
|a SCL
|b SCL
|c GEN
|d 2016-03-21
|g 2234.00
|l 1
|o 891.4417 DOU
|p 3020002234
|r 2018-11-11
|s 2018-11-08
|t 1
|w 2016-03-21
|y BK
|